মিয়াঁ নাযীর হুসাইন দেহলভী : (Record no. 79288)
[ view plain ]
| 000 -LEADER | |
|---|---|
| fixed length control field | 02279nam a2200289 a 4500 |
| 001 - CONTROL NUMBER | |
| RUCL Control Number | 79288 |
| 003 - CONTROL NUMBER IDENTIFIER | |
| rucl marc code | BD-RjUL |
| 005 - DATE AND TIME OF LATEST TRANSACTION | |
| control field | 20220417104633.0 |
| 008 - FIXED-LENGTH DATA ELEMENTS--GENERAL INFORMATION | |
| fixed length control field | 220131s2014 bg |||| m||| 00| 0 ben d |
| 035 ## - SYSTEM CONTROL NUMBER | |
| system control number | (BD-RjUL)79288 |
| 040 ## - CATALOGING SOURCE | |
| Original cataloging agency | BD-RjUL |
| Language of cataloging | ben / eng |
| Transcribing agency | BD-RjUL |
| Modifying agency | BD-RjUL |
| 041 ## - LANGUAGE CODE | |
| Language code of Book | ben |
| 082 ## - DEWEY DECIMAL CLASSIFICATION NUMBER | |
| Classification number | 297.61 |
| Author mark and Year | AHM 2014 |
| DDC Edition number | 23 |
| 100 ## - MAIN ENTRY--PERSONAL NAME | |
| Personal name | আহমদ, সিহাব উদ্দিন |
| 9 (RLIN) | 1011 |
| 245 ## - TITLE STATEMENT | |
| Title | মিয়াঁ নাযীর হুসাইন দেহলভী : |
| Remainder of title | ফিকহ শাস্ত্রের তাঁর অবদান / |
| Statement of responsibility, etc | সিহাব উদ্দিন আহমদ ; |
| Name of Supervisor/Co-Supervisor | প্রিন্সিপ্যাল সুপারভাইজার: আবু ইউনুছ খান মুহাম্মদ জাহাঙ্গীর ; কো-সুপারভাইজার: মুহাম্মদ ইকরামুল ইসলাম |
| 260 ## - PUBLICATION, DISTRIBUTION, ETC. (IMPRINT) | |
| Place of publication, distribution, etc | রাজশাহী : |
| Name of publisher, distributor, etc | আরবী বিভাগ, রাজশাহী বিশ্ববিদ্যালয়, |
| Date of publication, distribution, etc | ২০১৪ |
| 300 ## - PHYSICAL DESCRIPTION | |
| Pagination | viii, ২৬৭ পাতা ; |
| Dimensions | ২৯ সেমি. |
| 502 ## - DISSERTATION NOTE | |
| Dissertation note | থিসিস (পিএইচ. ডি.) -- আরবী বিভাগ, রাজশাহী বিশ্ববিদ্যালয়, |
| 504 ## - BIBLIOGRAPHY, ETC. NOTE | |
| Bibliography, etc | গ্রন্থপঞ্জী : পাতা ২৫৮ - ২৬৭ |
| 600 ## - SUBJECT ADDED ENTRY--PERSONAL NAME | |
| Personal name | দেহলভী, মিয়াঁ নাযীর হুসাইন |
| Dates associated with a name | ১৮০৫ - ১৯০২ খ্রিস্টাব্দ |
| General subdivision | জীবনী |
| -- | 2459 |
| Personal name | Dehlawi, Mian Nazeer Husain, |
| Dates associated with a name | 1805 - 1902 A. D. |
| General subdivision | Biography |
| -- | 2460 |
| Personal name | দেহলভী, মিয়াঁ নাযীর হুসাইন |
| Dates associated with a name | ১৮০৫ - ১৯০২ খ্রিস্টাব্দ |
| General subdivision | সমালোচনা, ব্যাখ্যা ইত্যাদি |
| -- | 2461 |
| Personal name | Dehlawi, Mian Nazeer Husain, |
| Dates associated with a name | 1805 - 1902 A. D. |
| General subdivision | Criticism and Interpretation |
| -- | 2462 |
| 700 ## - ADDED ENTRY--SUPERVISOR/CO-SUPERVISOR NAME | |
| Personal name | জাহাঙ্গীর, আবু ইউনুছ খান মুহাম্মদ, প্রিন্সিপ্যাল সুপারভাইজার |
| 9 (RLIN) | 1014 |
| Personal name | ইসলাম, মুহাম্মদ ইকরামুল, কো-সুপারভাইজার |
| 9 (RLIN) | 1015 |
| 942 ## - ADDED ENTRY ELEMENTS (KOHA) | |
| Source of classification or shelving scheme | Dewey Decimal Classification |
| Koha item type | Theses |
| Source of classification or shelving scheme | Damaged status | Not for loan | Collection code | Permanent Location | Current Location | Shelving location | Date of accession | Source of acquisition | Total Checkouts | Full call number | Barcode | Date last seen | Copy number | Thesis |
|---|---|---|---|---|---|---|---|---|---|---|---|---|---|---|
| Dewey Decimal Classification | Not For Loan | Theses | Central Library, University of Rajshahi | Central Library, University of Rajshahi | Documentation Section | 13/06/2015 | Controller of Exam., R.U. | BTHE 297.61 AHM 2014 | D3793 | 31/01/2022 | C-1 | Theses |